Under Siege? Freedom of Expression in Zimbabwe : (Record no. 899)

MARC details
000 -LEADER
fixed length control field 00496nam a22001577a 4500
005 - DATE AND TIME OF INPUT
control field 20231123133505.0
008 - DATA ELEMENTS--GENERAL INFORMATION
fixed length control field 231123b |||||||| |||| 00| 0 eng d
041 ## - LANGUAGE CODE
Language code of text English
082 ## - SHELF NUMBER
DDC number 341.48 FRE
100 ## - MAIN AUTHOR
Language of a work English
245 ## - TITLE STATEMENT
Title Under Siege? Freedom of Expression in Zimbabwe :
Sub-title "The ANZ Saga"
260 ## - PUBLICATION, DISTRIBUTION, ETC.
Place of publication, distribution, etc. Zimbabwe :
Name of publisher, distributor, etc. Zimbabwe Lawyers for Human Rights,
Date of publication, distribution, etc. 2004
300 ## - PHYSICAL DESCRIPTION
Other physical details 161 pages ;
Dimensions 30,2 cm.
650 ## - SUBJECT`
Broad subject Legal practice
Own subject terms Law
942 ## - ADDED ENTRY ELEMENTS (KOHA)
Item type Books
942 ## - ADDED ENTRY ELEMENTS (KOHA)
-- ALISON_BN_VRIES
Holdings
Source of classification or shelving scheme Not for loan Collection code Home library Current library Shelving location Date acquired Full call number Barcode Price effective from Koha item type
Dewey Decimal Classification   TEXT BOOKS LAW SOCIETY OF NAMIBIA LIBRARY - WINDHOEK LAW SOCIETY OF NAMIBIA LIBRARY - WINDHOEK International law and private international law 11/23/2023 341.48 FRE LSN/2004/118 11/23/2023 Books